| 000 | 00000nas##2200000za#4500 |
| 001 | 9.507113 |
| 003 | CaOODSP |
| 005 | 20200325093349 |
| 007 | cr ||||||||||| |
| 008 | 150406c1999||||xxc|| p o||||f| |0eng|d |
| 022 | |a1493-6356 |
| 040 | |aCaOODSP|beng |
| 043 | |an-cn--- |
| 086 | 1 |aT47-1E-PDF |
| 110 | 1 |aCanada.|bTransport Canada. |bTransportation Development Centre. |
| 245 | 10|aTDC annual review |h[electronic resource] |
| 246 | 1 |iVariant title : |aTransportation Development Centre annual review |
| 260 | |aMontreal - Quebec : |bTransport Canada. |
| 310 | |aAnnual |
| 362 | 1 |a1999/2000--2005/2006 |
| 690 | 07|aResearch and development|2gcpds |
| 690 | 07|aTransport|2gcpds |
| 775 | 08|tRevue annuelle du CDT |w(CaOODSP)9.503506 |